[Event "Washington Class Championships"]
[Site "Lynnwood, WA"]
[Date "2016.11.25"]
[Round "2"]
[White "He Daniel  (WA)"]
[Black "Zhang Brendan  (WA)"]
[Result "1-0"]
[WhiteElo "2302"]
[BlackElo "2008"]
[Annotator ""]
[Source ""]
[Remark "Master"]

1.c4 e5 2.g3 Nf6 3.Bg2 c6 4.d4 e4 5.d5 cxd5 6.cxd5 Bc5 7.Nh3
O-O 8.Nc3 Re8 9.Bg5 d6 10.Qd2 e3 11.Bxe3 Bxe3 12.fxe3 Na6 13.Nf2
Nc5 14.e4 a5 15.O-O b5 16.Qd4 Ba6 17.Rfe1 b4 18.Nb1 Qe7 19.Nd2
Rac8 20.b3 h5 21.Bf3 h4 22.gxh4 Nfd7 23.h5 Ne5 24.Kh1 Qh4 25.Rg1
Ncd7 26.Rg3 Rc2 27.Rag1 Qf4 28.Nf1 Bxe2 29.Bxe2 Rxe2 30.Nh3 Qh4
31.Ne3 ( 31.Rxg7+ ) Kf8 32.Nf5 Qxh5 33.Qd1 g6 34.Nd4 Rxa2 35.Qxh5
gxh5 36.Rg8+ Ke7 37.Nf5+ Kd8 38.Rxe8+ Kxe8 39.Nxd6+ Kd8 40.Ng5
Ng4 41.Ndxf7+ Ke7 42.Rc1 Rxh2+ 43.Kg1 Rb2 44.Rc7 Ngf6 45.d6+
Kf8 46.e5 Rb1+ 47.Kg2 Rb2+ 48.Kf1 Rb1+ 49.Ke2 Rb2+ 50.Kd1 Rxb3
51.exf6 Nxf6 52.Ne5 Re3 53.Ne6+ Ke8 54.Re7# 1-0

[Event "Washington Class Championships"]
[Site "Lynnwood, WA"]
[Date "2016.11.25"]
[Round "2"]
[White "Haining Kyle  (WA)"]
[Black "Doknjas Joshua  (CAN)"]
[Result "1-0"]
[WhiteElo "2273"]
[BlackElo "2236"]
[Annotator ""]
[Source ""]
[Remark "Master"]

1.g3 c5 2.Bg2 g6 3.c4 Bg7 4.Nc3 Nc6 5.Nf3 e5 6.O-O d6 7.d3 Nge7
8.a3 O-O 9.Rb1 a5 10.Ne1 Be6 11.Nd5 Rb8 12.b3 b5 13.Bb2 f5 14.f4
Qd7 15.Nc2 Bf7 16.Qd2 Qa7 17.Kh1 Nxd5 18.cxd5 Nd4 19.Na1 a4 20.b4
c4 21.Rbc1 Rbc8 22.e3 Nb3 23.Nxb3 cxb3 24.e4 Qb7 25.fxe5 dxe5
26.Rc5 Rfd8 27.Rfc1 Bf8 28.Bxe5 Bxc5 29.bxc5 b4 30.Qh6 Be8 31.exf5
bxa3 32.Rf1 b2 33.fxg6 Bxg6 34.c6 Qe7 35.Bc3 Bxd3 36.Bf6 Qd6
37.Bh3 Qxd5+ 38.Bg2 Qf7 39.Qg5+ Bg6 40.Bxd8 b1Q 41.Rxb1 h6 42.Qg4
Rxd8 43.c7 Qxc7 44.Qxg6+ Qg7 45.Qb6 Rf8 46.Qb4 Qe5 47.Qxa3 Rf2
48.Qxa4 Rb2 49.Qc4+ Kh8 50.Qc8+ Kg7 51.Qd7+ Kh8 52.Rf1 Rb8 53.Qf7 1-0

[Event "Washington Class Championships"]
[Site "Lynnwood, WA"]
[Date "2016.11.25"]
[Round "2"]
[White "Sang Tian  (WA)"]
[Black "Gatica Jose  (OR)"]
[Result "1/2-1/2"]
[WhiteElo "2373"]
[BlackElo "2104"]
[Annotator ""]
[Source ""]
[Remark "Master"]

1.e4 c5 2.Nf3 Nc6 3.c3 Nf6 4.e5 Nd5 5.d4 e6 6.Bc4 Nb6 7.Bb3 d5
8.O-O Bd7 9.Re1 Qc7 10.a4 c4 11.Bc2 Na5 12.Ng5 g6 13.Qf3 Bc6
14.Qf6 Rg8 15.Nxe6 Qe7 16.Nc7+ Qxc7 17.e6 fxe6 18.Rxe6+ Be7 19.Bg5
O-O-O 20.Rxe7 Qxe7 21.Qxe7 Rde8 22.Nd2 Rxe7 23.Bxe7 Re8 24.Bg5
Nb3 25.Nxb3 cxb3 26.Bxb3 Nxa4 27.Be3 Nxb2 28.Rxa7 Kd7 29.Ra5
Re6 30.h3 Nc4 31.Ra1 Re7 32.Bf4 Re4 33.g3 Re2 34.Kg2 Nb6 35.Bd1
Re7 36.Bg4+ Ke8 37.Bg5 Re4 38.Rb1 Nc4 39.Bf3 Re6 40.Bg4 Re4 41.Kf1
Kf7 42.Bf3 Re8 43.Re1 Nd6 44.Rxe8 Kxe8 45.Bd2 Ne4 46.Be1 Ke7
47.Bd1 Bd7 48.Kg2 Kf6 49.h4 h5 50.f3 Nd6 51.Bd2 Nc4 52.Bg5+ Kf7
53.Kf2 Bf5 54.Bf4 Nb2 55.Bb3 Nc4 56.Bc7 b5 57.Bd1 Bb1 58.Be2
Bf5 59.g4 hxg4 60.fxg4 Bc2 61.Bf4 Bb1 62.Kg3 Bc2 63.h5 gxh5 64.gxh5
Bh7 65.Kg4 Kf6 66.Bf3 Bf5+ 67.Kg3 Be6 68.Bg4 Bg8 1/2-1/2

[Event "Washington Class Championships"]
[Site "Lynnwood, WA"]
[Date "2016.11.26"]
[Round "3"]
[White "Wilber Marvin  (WA)"]
[Black "Haining Breck  (WA)"]
[Result "1-0"]
[WhiteElo "1302"]
[BlackElo "1300"]
[Annotator ""]
[Source ""]
[Remark "Class D"]

1.c4 g6 2.Nc3 Bg7 3.e4 e6 4.d4 Nc6 5.Nf3 d6 6.d5 Ne5 7.Nxe5 Bxe5
8.Be3 Qf6 9.Qd2 Bd7 10.f4 Bxc3 11.bxc3 e5 12.fxe5 dxe5 13.Bg5
Qd6 14.Be2 f5 15.exf5 Bxf5 16.O-O Kd7 17.Be3 b6 18.Qd1 Nf6 19.Qa4+
Ke7 20.Bg5 Rhf8 21.g4 Bd7 22.Qc2 Rf7 23.h3 Kf8 24.Bxf6 Qc5+ 25.Kg2
Re8 26.Bg5 Rxf1 27.Bxf1 Kg8 28.Bd3 a5 29.Bxg6 hxg6 30.Qxg6+ Kh8
31.Bf6# 1-0

[Event "Washington Class Championships"]
[Site "Lynnwood, WA"]
[Date "2016.11.26"]
[Round "3"]
[White "Shanmukam Rajesh  (WA)"]
[Black "Jose Marionito  (CAN)"]
[Result "1/2-1/2"]
[WhiteElo "1591"]
[BlackElo "1648"]
[Annotator ""]
[Source ""]
[Remark "Class B"]

1.d4 e6 2.c4 f5 3.Nc3 Nf6 4.Nf3 Be7 5.e3 d6 6.Bd3 O-O 7.Qc2 Nc6
8.a3 Qe8 9.h3 Qh5 10.Ne2 d5 11.Nf4 Qe8 12.g4 Bd6 13.Ne2 e5 14.dxe5
Nxe5 15.Nxe5 Bxe5 16.f4 Bd6 17.c5 Be7 18.b4 Ne4 19.Bxe4 Bh4+
20.Kf1 fxe4 21.Nd4 1/2-1/2

[Event "Washington Class Championships"]
[Site "Lynnwood, WA"]
[Date "2016.11.26"]
[Round "3"]
[White "Perez Ignacio  (WA)"]
[Black "Feng Roland  (WA)"]
[Result "1/2-1/2"]
[WhiteElo "2253"]
[BlackElo "2438"]
[Annotator ""]
[Source ""]
[Remark "Master"]

1.e4 e6 2.d4 d5 3.Nc3 Nf6 4.Bg5 dxe4 5.Nxe4 Be7 6.Bxf6 gxf6 7.Nf3
f5 8.Ng3 a6 9.Qe2 b5 10.O-O-O Qd5 11.Kb1 Bb7 12.Ne5 Nd7 13.Nxd7
Qxd7 14.Qh5 Bd6 15.Bd3 Bxg3 16.hxg3 Bxg2 17.Rhe1 O-O-O 18.a4
Bd5 19.axb5 axb5 20.Re3 c6 21.Be2 Qc7 22.Rc3 b4 23.Rc5 Rd7 24.Bc4
Rhd8 25.Bxd5 Rxd5 26.Rc4 c5 27.Qxh7 Kb7 28.Qh1 Ka7 29.Qe1 Qb6
30.c3 cxd4 31.cxb4 d3 32.Qc3 d2 33.Rc7+ Kb8 34.Rxf7 Rc8 35.Qe3
Qxe3 36.fxe3 Rc4 37.Re7 Rd6 38.Rh7 Rxb4 1/2-1/2

[Event "Washington Class Championships"]
[Site "Lynnwood, WA"]
[Date "2016.11.26"]
[Round "3"]
[White "He Samuel  (WA)"]
[Black "Deshpande Aaryan  (WA)"]
[Result "1-0"]
[WhiteElo "2259"]
[BlackElo "2009"]
[Annotator ""]
[Source ""]
[Remark "Master"]

1.d4 Nf6 2.Nf3 g6 3.Bf4 Bg7 4.e3 O-O 5.Be2 d6 6.O-O Nbd7 7.h3
c5 8.c3 b6 9.Nbd2 Bb7 10.a4 a6 11.Bh2 Bc6 12.b4 Re8 13.Re1 Ne4
14.Nxe4 Bxe4 15.Ng5 Bc6 16.Qb3 e6 17.Nf3 Qe7 18.Red1 d5 19.bxc5
bxc5 20.c4 dxc4 21.Qxc4 Bd5 22.Qd3 f5 23.Rac1 Rec8 24.dxc5 Rxc5
25.Nd4 Ne5 26.Qa3 Qg5 27.Bf1 Rxc1 28.Rxc1 Qd8 29.Qc5 Nd7 30.Qb4
Bf8 31.Qd2 Nc5 32.Bc4 Ne4 33.Qa2 Rc8 34.Nxe6 Qa5 35.Bc7 Bd6 1-0

[Event "Washington Class Championships"]
[Site "Lynnwood, WA"]
[Date "2016.11.26"]
[Round "3"]
[White "Kuhner Mary  (WA)"]
[Black "Brusniak Benjamin  (WA)"]
[Result "1-0"]
[WhiteElo "1979"]
[BlackElo "2011"]
[Annotator ""]
[Source ""]
[Remark "Expert"]

1.e4 e6 2.d4 d5 3.Nd2 Nf6 4.e5 Nfd7 5.Bd3 c5 6.c3 Nc6 7.Ne2 cxd4
8.cxd4 f6 9.exf6 Nxf6 10.Nf3 Bd6 11.O-O O-O 12.Bf4 Bxf4 13.Nxf4
Qd6 14.Ne2 Kh8 15.Ng3 a5 16.a3 Qf4 17.Bc2 Bd7 18.Qd3 Be8 19.Rad1
Rc8 20.Qd2 Qc7 21.Rfe1 Bf7 22.Bb1 Rfe8 23.Rc1 Qb6 24.Rc3 Na7
25.Ne5 Bg8 26.Qd3 Rxc3 27.bxc3 Nb5 28.Nh5 Re7 29.Nf4 Bf7 30.Nxf7+
Rxf7 31.Rxe6 Nd6 32.Nxd5 Qb2 33.Rxd6 Ne4 34.Rd8+ 1-0

[Event "Washington Class Championships"]
[Site "Lynnwood, WA"]
[Date "2016.11.26"]
[Round "3"]
[White "Mathews Daniel  (WA)"]
[Black "Zhang Cheyenne  (WA)"]
[Result "1/2-1/2"]
[WhiteElo "1783"]
[BlackElo "1593"]
[Annotator ""]
[Source ""]
[Remark "Class B"]

1.e4 Nf6 2.Nc3 d5 3.exd5 Nxd5 4.Nxd5 Qxd5 5.Qf3 Qxf3 6.Nxf3 Nc6
7.c3 Bg4 8.Be2 e6 9.d4 Bd6 10.Be3 O-O 11.h3 Bxf3 12.Bxf3 Ne7
13.O-O-O c6 14.Kc2 Rfc8 15.g4 b5 16.Be4 a5 17.g5 Nd5 18.Bxd5
cxd5 19.Kb1 b4 20.cxb4 Bxb4 21.Rc1 a4 22.Rxc8+ Rxc8 23.Rc1 Rb8
24.Bf4 Ra8 25.h4 Kf8 26.h5 g6 27.hxg6 hxg6 28.a3 Ba5 29.Rh1 Ke7
30.Be5 Kd7 31.Rh7 Rf8 32.f4 Bc7 33.Kc2 Bxe5 34.fxe5 Kc6 35.Kd3
Kb5 36.Rh2 Rc8 1/2-1/2

[Event "Washington Class Championships"]
[Site "Lynnwood, WA"]
[Date "2016.11.26"]
[Round "3"]
[White "Anthony Ralph  (WA)"]
[Black "Kirsch Ronald  (WA)"]
[Result "1/2-1/2"]
[WhiteElo "1602"]
[BlackElo "1785"]
[Annotator ""]
[Source ""]
[Remark "Class B"]

1.e4 d5 2.exd5 Nf6 3.d4 Bg4 4.Nf3 Qxd5 5.Be2 Nc6 6.Nc3 Qf5 7.Be3
e6 8.h3 Qh5 9.Nh2 Bxe2 10.Qxe2 Qxe2+ 11.Nxe2 Nb4 12.Kd1 O-O-O
13.a3 Nbd5 14.c4 Nxe3+ 15.fxe3 Ne4 16.Kc2 Bd6 17.Nf3 c5 18.Nd2
Nxd2 19.Kxd2 Be5 20.Kc3 Bf6 21.Rad1 Rd7 22.b4 b6 23.b5 Rhd8 24.Rd3
Bg5 25.Rhd1 Bf6 26.Kb3 Kb7 27.d5 exd5 28.Rxd5 Rxd5 29.Rxd5 Re8
30.Rd3 Bg5 31.Nf4 Bxf4 32.exf4 Kc7 33.Kc3 Re4 34.g3 Re1 35.Kd2
Re4 36.Kc3 Re1 37.Kd2 Re4 38.Kc3 Re1 1/2-1/2

[Event "Washington Class Championships"]
[Site "Lynnwood, WA"]
[Date "2016.11.26"]
[Round "3"]
[White "Gatica Jose  (OR)"]
[Black "Haining Kyle  (WA)"]
[Result "0-1"]
[WhiteElo "2104"]
[BlackElo "2273"]
[Annotator ""]
[Source ""]
[Remark "Master"]

1.Nf3 g6 2.c4 Bg7 3.g3 c5 4.Bg2 Nc6 5.O-O Nf6 6.d4 cxd4 7.Nxd4
O-O 8.Nc3 Ng4 9.e3 d6 10.Nxc6 bxc6 11.Bxc6 Rb8 12.Bg2 Ne5 13.Qa4
Qd7 14.Qc2 Nxc4 15.b3 Qf5 16.e4 Qe5 17.bxc4 Qxc3 18.Qxc3 Bxc3
19.Bh6 Bxa1 20.Bxf8 Kxf8 21.Rxa1 Rb2 22.a3 Be6 23.Bf1 Rc2 24.Rb1
Rc3 25.a4 Ra3 26.Rb8+ Kg7 27.Rb7 Rxa4 28.Rxe7 Kf6 29.Rc7 Ra1
30.Kg2 Ke5 31.c5 dxc5 32.Rxc5+ Kxe4 33.Rc7 Kd4 34.Be2 a5 35.h3
a4 36.Bg4 f5 37.Bf3 a3 38.Re7 Re1 39.Ra7 a2 40.Ra4+ Kc5 0-1

[Event "Washington Class Championships"]
[Site "Lynnwood, WA"]
[Date "2016.11.26"]
[Round "3"]
[White "Doknjas John  (CAN)"]
[Black "He Daniel  (WA)"]
[Result "1/2-1/2"]
[WhiteElo "2256"]
[BlackElo "2302"]
[Annotator ""]
[Source ""]
[Remark "Master"]

1.d4 Nf6 2.c4 e6 3.Nc3 Bb4 4.e3 b6 5.Nge2 c5 6.a3 Ba5 7.Rb1 Na6
8.Bd2 O-O 9.Ng3 Bb7 10.Bd3 d5 11.cxd5 Bxc3 12.bxc3 exd5 13.O-O
Qd7 14.Qf3 c4 15.Bc2 Rfe8 16.Rbe1 Ne4 17.Qd1 Nc7 18.a4 Bc6 19.f3
Nxd2 20.Qxd2 Bxa4 21.Bf5 Qd8 22.e4 Bd7 23.e5 Ne6 24.f4 g6 25.Bb1
f5 26.exf6 Qxf6 27.f5 Qg5 28.Qxg5 Nxg5 29.h4 Rxe1 30.Rxe1 Ne4
31.Nxe4 dxe4 32.fxg6 hxg6 33.Bxe4 Re8 34.Bd5+ Kg7 35.Rxe8 Bxe8
36.Bxc4 b5 37.Ba2 Kf6 38.Kf2 a5 39.g4 g5 40.hxg5+ Kxg5 41.Kf3
Bd7 42.Ke4 b4 43.cxb4 axb4 44.Kd5 Bxg4 45.Kc5 Kf6 46.Kxb4 1/2-1/2

[Event "Washington Class Championships"]
[Site "Lynnwood, WA"]
[Date "2016.11.26"]
[Round "3"]
[White "Zhang Kyle  (WA)"]
[Black "Xiao Alison  (WA)"]
[Result "1/2-1/2"]
[WhiteElo "1337"]
[BlackElo "1296"]
[Annotator ""]
[Source ""]
[Remark "Class C"]

1.e4 e6 2.d4 d5 3.Nd2 Nc6 4.e5 Nce7 5.Bd3 c5 6.c3 Nc6 7.Ne2 cxd4
8.cxd4 f6 9.exf6 Nxf6 10.O-O Bd6 11.Nf3 O-O 12.Bf4 Bxf4 13.Nxf4
Qd6 14.Ne2 e5 15.dxe5 Nxe5 16.Nxe5 Qxe5 17.Qb3 b6 18.Rfe1 Qd6
19.Ng3 Kh8 20.Be2 Be6 21.Qd3 Rad8 22.Bd1 Bg4 23.Bxg4 Nxg4 24.Re2
Qc5 25.Rf1 Rd7 26.h3 Nf6 27.Rc2 Qd6 28.Rd1 Qe7 29.Qe2 Qxe2 30.Rxe2
d4 31.Red2 Rfd8 32.Nf5 d3 33.f3 g6 34.Ng3 Kg7 35.Kf2 Kf7 36.Ne4
Nxe4+ 37.fxe4 Ke6 38.Ke3 Ke5 39.g3 Rd4 40.Rxd3 Rxe4+ 41.Kf3 Rf8+
42.Kg2 Re2+ 43.Kg1 Rxb2 44.Re3+ Kf6 45.Rf1+ Kg7 46.Re7+ Kg8 47.Rxf8+
Kxf8 48.Rxa7 Kg8 49.a4 1/2-1/2

[Event "Washington Class Championships"]
[Site "Lynnwood, WA"]
[Date "2016.11.26"]
[Round "3"]
[White "Collyer Curt  (WA)"]
[Black "Talyansky Seth  (OR)"]
[Result "1/2-1/2"]
[WhiteElo "2282"]
[BlackElo "2191"]
[Annotator ""]
[Source ""]
[Remark "Master"]

1.d4 d5 2.Nc3 Nf6 3.Bg5 c5 4.Bxf6 exf6 5.e3 c4 6.Qf3 Bb4 7.Nge2
O-O 8.g3 Na6 9.Bg2 Nc7 10.O-O Be6 11.a3 Bxc3 12.Nxc3 f5 13.a4
Qd7 14.b3 cxb3 15.cxb3 a5 16.Rfc1 Rfd8 17.Bf1 Na6 18.Qe2 Nb4
19.Na2 Nxa2 20.Rxa2 Rac8 21.Rac2 h6 22.Qd2 Rxc2 23.Rxc2 Ra8 24.Bb5
Qd8 25.Be2 Qb6 26.Bb5 Qd8 27.Rc5 b6 28.Rc3 Rc8 29.Ba6 Rxc3 30.Qxc3
Qd6 31.Bd3 g6 32.Kg2 h5 33.h4 Kf8 34.Bb5 Ke7 35.Ba6 Kd8 36.Kf3
Qc7 37.Qxc7+ Kxc7 38.Kf4 f6 39.Bd3 Kd6 40.f3 Bf7 41.g4 1/2-1/2

[Event "Washington Class Championships"]
[Site "Lynnwood, WA"]
[Date "2016.11.26"]
[Round "3"]
[White "Bishop Alan  (WA)"]
[Black "Patterson Roger  (CAN)"]
[Result "0-1"]
[WhiteElo "2000"]
[BlackElo "2084"]
[Annotator ""]
[Source ""]
[Remark "Expert"]

1.e4 e5 2.f4 exf4 3.Nf3 g5 4.Nc3 Bg7 5.g3 g4 6.Nh4 d6 7.d4 f3
8.Bc4 Be6 9.Qd3 Bxc4 10.Qxc4 Ne7 11.Bg5 f6 12.Be3 Nbc6 13.Qe6
Qd7 14.Nf5 Rg8 15.Nxg7+ Rxg7 16.Qxf6 Ng8 17.Qh4 Qe7 18.Qh5+ Qf7
19.Qb5 O-O-O 20.O-O-O Nge7 21.Qa4 d5 22.exd5 Nxd5 23.Nxd5 Qxd5
24.c4 Qa5 25.Qxa5 Nxa5 26.b3 Re8 27.Rhe1 Rge7 28.Bf2 Nc6 29.Rxe7
Rxe7 30.d5 Ne5 31.Kd2 Kd7 32.Re1 b6 33.Re3 h5 34.Kc3 Kd6 35.Kd4
c6 36.b4 c5+ 37.bxc5+ bxc5+ 38.Kc3 Rb7 39.Re1 Rb4 40.a3 Rxc4+
41.Kb3 Rd4 42.Bxd4 cxd4 43.Kc2 Kxd5 44.Rb1 a6 45.Kd2 Nc4+ 46.Kd3
Ne3 47.Rb2 Nc4 48.Rb8 Ne5+ 49.Kd2 Ke4 50.Re8 d3 51.Rf8 Nc4+ 52.Kc3
d2 53.Re8+ Kd5 54.Rd8+ Ke6 55.Rd4 f2 56.Re4+ Ne5 0-1

[Event "Washington Class Championships"]
[Site "Lynnwood, WA"]
[Date "2016.11.26"]
[Round "3"]
[White "Sloan Carl  (WA)"]
[Black "Baxter Brent  (WA)"]
[Result "0-1"]
[WhiteElo "1894"]
[BlackElo "1889"]
[Annotator ""]
[Source ""]
[Remark "Class A"]

1.d4 Nf6 2.Nf3 b5 3.Bf4 e6 4.e3 a6 5.a4 b4 6.Bd3 Bb7 7.Nbd2 Be7
8.h3 O-O 9.O-O c5 10.c3 bxc3 11.bxc3 cxd4 12.cxd4 Nc6 13.Qb1
Nb4 14.Be2 Nfd5 15.Ne4 Nxf4 16.exf4 a5 17.Nc5 Bxc5 18.dxc5 Rc8
19.Ng5 f5 20.Rc1 Qe7 21.Ra3 Rxc5 22.Rxc5 Qxc5 23.Rg3 h6 24.Nf3
Rc8 25.Kh2 Qc2 26.Qa1 Qc3 27.Qb1 Qc1 28.Qxc1 Rxc1 29.Ne5 Rc2
30.Bb5 Bc6 31.Nxd7 Bxb5 32.axb5 Rc7 33.Nf6+ Kf7 34.Rxg7+ Kxg7
35.Ne8+ Kf7 36.Nxc7 a4 37.Na6 Nd5 38.Nc5 a3 39.Nb3 Ke7 40.Kg3
Kd6 41.Kf3 Nc3 42.g4 Nxb5 43.g5 hxg5 44.fxg5 a2 45.Ke3 e5 46.h4
Ke6 47.h5 f4+ 48.Kd3 Nd4 49.Na1 Nf3 50.g6 Kf6 51.Kc3 Ne1 52.Kd2
Ng2 53.Kc2 e4 54.Nb3 Ne1+ 55.Kd2 Nf3+ 56.Kc2 Nd4+ 57.Kb2 Nxb3
58.Kxa2 Nd2 59.Kb2 e3 60.fxe3 f3 61.Kc2 f2 0-1

[Event "Washington Class Championships"]
[Site "Lynnwood, WA"]
[Date "2016.11.26"]
[Round "3"]
[White "Tien Sophie  (WA)"]
[Black "Deng Samuel  (WA)"]
[Result "0-1"]
[WhiteElo "1811"]
[BlackElo "1781"]
[Annotator ""]
[Source ""]
[Remark "Class A"]

1.e4 c6 2.d4 d5 3.Nc3 dxe4 4.Nxe4 Nd7 5.c3 Ngf6 6.Nxf6+ Nxf6
7.Bd3 Bg4 8.f3 Bh5 9.Ne2 e6 10.Nf4 Bg6 11.Nxg6 hxg6 12.Bg5 Bd6
13.f4 Qc7 14.Bxf6 gxf6 15.g3 g5 16.Qf3 gxf4 17.O-O-O O-O-O 18.Kb1
Rdg8 19.gxf4 Bxf4 20.Rdf1 Bg5 21.h3 Rh4 22.Qg2 Rd8 23.Be2 Rd5
24.Bg4 Rh8 25.Qf2 Bh4 26.Qe2 Qd8 27.Rd1 f5 28.Bf3 Rd6 29.Rd3
Qe7 30.Rhd1 Rhd8 31.Qe5 f6 32.Qa5 Kb8 33.Qb4 Bg5 34.c4 Qc7 35.c5
R6d7 36.Qc4 Re7 37.a4 Ree8 38.Ra3 e5 39.dxe5 Rxd1+ 40.Bxd1 fxe5
41.a5 a6 42.Rb3 Qxa5 43.Qf7 Re7 44.Qg8+ Ka7 45.Qxg5 Qxc5 46.Qxf5
Qd5 47.Qf2+ c5 48.Bc2 Rf7 49.Qg1 Qc4 50.Qg6 Rf1+ 51.Ka2 Qa4+
52.Ra3 Qc4+ 53.Rb3 Qa4+ 54.Ra3 Qc4+ 55.Bb3 {??} Qc1 56.Rxa6+
bxa6 57.Qg7+ Kb6 58.Qg6+ Ka5 59.Bc2 c4 60.b4+ cxb3+ 61.Kxb3 Rf3+
62.Bd3 Qb1+ 63.Kc3 Qb4+ 64.Kc2 Rf2+ 65.Kd1 Qd2# 0-1

[Event "Washington Class Championships"]
[Site "Lynnwood, WA"]
[Date "2016.11.26"]
[Round "4"]
[White "Bragg David  (WA)"]
[Black "Gatica Jose  (OR)"]
[Result "1-0"]
[WhiteElo "2200"]
[BlackElo "2104"]
[Annotator ""]
[Source ""]
[Remark "Master"]

1.d4 Nf6 2.Nc3 d5 3.Bg5 c6 4.Qd2 Bf5 5.f3 h6 6.Bxf6 gxf6 7.e4
Bg6 8.O-O-O e6 9.exd5 cxd5 10.Nh3 Bg7 11.Nf4 O-O 12.Bd3 Bxd3
13.Qxd3 f5 14.Kb1 Nc6 15.Nce2 Rc8 16.g4 fxg4 17.Rhg1 Kh8 18.Rxg4
Nb4 19.Qb3 Nxc2 20.Nh5 Bxd4 21.Nxd4 Nxd4 22.Qe3 Nf5 23.Qe5+ f6
24.Qxe6 Ne7 25.Qe3 Nf5 26.Qf4 Qd7 27.Rdg1 Rc4 28.Nxf6 Rxf6 29.Qb8+
Rc8 30.Rg8+ Kh7 31.Rxc8 1-0

[Event "Washington Class Championships"]
[Site "Lynnwood, WA"]
[Date "2016.11.26"]
[Round "4"]
[White "Jose Marionito  (CAN)"]
[Black "Campbell Tim  (WA)"]
[Result "0-1"]
[WhiteElo "1648"]
[BlackElo "1792"]
[Annotator ""]
[Source ""]
[Remark "Class B"]

1.e4 c5 2.Nc3 g6 3.f4 Bg7 4.Nf3 d6 5.Bc4 Bd7 6.O-O Bc6 7.d3 Nd7
8.Bxf7+ Kxf7 9.Ng5+ Ke8 10.Ne6 Qb6 11.Nd5 Bxd5 12.exd5 Bd4+ 13.Kh1
Nf8 14.c3 Nxe6 15.Qa4+ Kf8 16.dxe6 Bf6 17.f5 Qc6 18.Qg4 Kg7 19.Rf3
Nh6 20.Qh3 Nxf5 21.Rxf5 gxf5 22.Bh6+ Kg6 23.Rf1 Qa4 24.c4 Rhg8
25.Bd2 Kg7 26.Qxf5 Kh8 27.h3 Qc2 28.Rf2 Qd1+ 29.Kh2 Raf8 0-1

[Event "Washington Class Championships"]
[Site "Lynnwood, WA"]
[Date "2016.11.26"]
[Round "4"]
[White "Shanmukam Rajesh  (WA)"]
[Black "Hendricks David  (WA)"]
[Result "0-1"]
[WhiteElo "1591"]
[BlackElo "1753"]
[Annotator ""]
[Source ""]
[Remark "Class B"]

1.d4 Nf6 2.c4 g6 3.Nc3 Bg7 4.e4 d6 5.f4 c5 6.d5 O-O 7.Be2 e6
8.Nf3 exd5 9.exd5 Bg4 10.O-O Re8 11.Bd3 Na6 12.a3 Qd7 13.Qc2
Bxf3 14.Rxf3 Re1+ 15.Kf2 Rae8 16.Ne2 Rh1 17.h3 Nh5 18.Ra2 Qe7
19.Be3 Qh4+ 20.Ng3 Nxg3 21.Rxg3 Rxe3 22.Kxe3 Qxg3+ 0-1

[Event "Washington Class Championships"]
[Site "Lynnwood, WA"]
[Date "2016.11.26"]
[Round "4"]
[White "Xue Henry  (WA)"]
[Black "Clark Ryan  (WA)"]
[Result "0-1"]
[WhiteElo "801"]
[BlackElo "1135"]
[Annotator ""]
[Source ""]
[Remark "Class E"]

1.d4 d5 2.f4 Bf5 3.e3 e6 4.Nf3 Nf6 5.c3 c5 6.Bd3 Bxd3 7.Qxd3
c4 8.Qd1 Nc6 9.Nbd2 Bd6 10.O-O O-O 11.Ne5 Bxe5 12.fxe5 Nd7 13.e4
f6 14.Qg4 Qe7 15.Nf3 fxe5 16.exd5 exd5 17.Re1 e4 18.Qh5 Nf6 19.Qg5
Nd7 20.Qxd5+ Qf7 21.Qxe4 Rae8 22.Ne5 Qf2+ 23.Kh1 Qf1+ 0-1

[Event "Washington Class Championships"]
[Site "Lynnwood, WA"]
[Date "2016.11.26"]
[Round "4"]
[White "Abdiev Bulan  (WA)"]
[Black "Liu Isaac  (WA)"]
[Result "1-0"]
[WhiteElo "1213"]
[BlackElo "813"]
[Annotator ""]
[Source ""]
[Remark "Class E"]

1.e4 e5 2.Nf3 Nc6 3.Bc4 Nf6 4.Ng5 d5 5.exd5 Nxd5 6.Nxf7 Kxf7
7.Qf3+ Ke6 8.Nc3 Nd4 9.Bxd5+ Kd6 10.Qd1 c6 11.Bb3 Qg5 12.Ne4+
Kc7 13.Nxg5 Be7 14.d3 h6 15.Nf3 Bg4 16.h3 Nxf3+ 17.gxf3 Bf5 18.Qe2
Bf6 19.f4 Rae8 20.Kd1 exf4 21.Bxf4+ Kb6 22.Qd2 Bxb2 23.Qb4+ Ka6
24.Bc4+ b5 25.Bxb5+ cxb5 26.Qxb2 Rd8 27.Qa3+ Kb6 28.Be3+ Kc7
29.Qxa7+ Kd6 30.Bc5+ Ke6 31.Re1+ Kf6 32.Qe7+ Kg6 33.Rg1+ Bg4+
34.Rxg4+ Kf5 35.Qe4+ Kf6 36.Rf4+ Kg5 37.Qf5# 1-0

[Event "Washington Class Championships"]
[Site "Lynnwood, WA"]
[Date "2016.11.26"]
[Round "4"]
[White "Deng Samuel  (WA)"]
[Black "Hosford Michael  (WA)"]
[Result "1-0"]
[WhiteElo "1781"]
[BlackElo "1884"]
[Annotator ""]
[Source ""]
[Remark "Class A"]

1.d4 Nf6 2.c4 Nc6 3.Nf3 e6 4.g3 Bb4+ 5.Bd2 Bxd2+ 6.Qxd2 d6 7.Nc3
Qe7 8.Bg2 O-O 9.O-O e5 10.dxe5 Nxe5 11.Nxe5 dxe5 12.Rfd1 c6 13.Qd6
Qxd6 14.Rxd6 Be6 15.c5 Rfd8 16.Rad1 Rd7 17.Rxd7 Bxd7 18.b4 Be6
19.a3 a6 20.Rd6 Ne8 21.Rd3 f6 22.Na4 Kf7 23.Nb6 Rb8 24.e3 Ke7
25.Bf1 Nc7 26.Rd2 Nd5 27.Nc4 Nc3 28.Na5 Nb1 29.Rd6 Nxa3 30.Rxc6
Rc8 31.Rb6 Rc7 32.Bg2 Nc4 33.Nxc4 Bxc4 34.Bxb7 Kd7 35.Bxa6 Bxa6
36.Rxa6 1-0

[Event "Washington Class Championships"]
[Site "Lynnwood, WA"]
[Date "2016.11.26"]
[Round "4"]
[White "Vega Isaac  (OR)"]
[Black "Fagundes Frank  (WA)"]
[Result "1-0"]
[WhiteElo "1660"]
[BlackElo "1791"]
[Annotator ""]
[Source ""]
[Remark "Class A"]

1.e4 c5 2.Nc3 Nc6 3.f4 d6 4.Nf3 Bg4 5.Bb5 a6 6.Bxc6+ bxc6 7.h3
Bd7 8.d3 Rb8 9.O-O g6 10.e5 d5 11.b3 Bh6 12.Na4 e6 13.Nxc5 Ne7
14.d4 Bc8 15.Qe1 Qb6 16.Bd2 Nf5 17.Qf2 a5 18.g4 Ne7 19.a4 Ba6
20.Rfd1 Bc8 21.Ne1 O-O 22.Ned3 Qa7 23.Rf1 Ba6 24.Nxa6 Qxa6 25.Nc5
Qa7 26.Qh4 Bg7 27.Rf2 Rbd8 28.Raf1 Rb8 29.Rg2 Rfe8 30.Kh1 Kh8
31.f5 exf5 32.gxf5 Bxe5 33.dxe5 Qxc5 34.Qf6+ 1-0

[Event "Washington Class Championships"]
[Site "Lynnwood, WA"]
[Date "2016.11.26"]
[Round "4"]
[White "Fields Noah  (WA)"]
[Black "Kuhner Mary  (WA)"]
[Result "1-0"]
[WhiteElo "2084"]
[BlackElo "1979"]
[Annotator ""]
[Source ""]
[Remark "Expert"]

1.e4 e6 2.d4 d5 3.Nc3 Bb4 4.exd5 exd5 5.Bd3 Ne7 6.Qf3 c5 7.Be3
Nbc6 8.Bb5 Qa5 9.Bxc6+ Nxc6 10.Nge2 cxd4 11.Bxd4 Nxd4 12.Nxd4
Bxc3+ 13.bxc3 O-O 14.O-O Bd7 15.Nb3 Qc7 16.Qxd5 Be6 17.Qf3 Rfc8
18.Rfd1 Re8 19.Nd4 h6 20.Nb5 Qe7 21.Nd6 Reb8 22.Rd4 b6 23.Re1
Rf8 24.Qg3 Kh8 25.f4 Qf6 26.f5 Bc8 27.Re5 Ba6 28.Ne4 Qc6 29.f6
Rg8 30.Rh5 Rae8 31.Qf4 Kh7 32.fxg7 Rxe4 33.Qxe4+ 1-0

[Event "Washington Class Championships"]
[Site "Lynnwood, WA"]
[Date "2016.11.26"]
[Round "4"]
[White "Sang Tian  (WA)"]
[Black "Doknjas John  (CAN)"]
[Result "1-0"]
[WhiteElo "2373"]
[BlackElo "2256"]
[Annotator ""]
[Source ""]
[Remark "Master"]

1.e4 c5 2.Nf3 d6 3.d4 cxd4 4.Nxd4 Nf6 5.Nc3 a6 6.Be3 e5 7.Nb3
Be7 8.f3 Be6 9.Qd2 O-O 10.O-O-O Nbd7 11.g4 b5 12.Kb1 b4 13.Ne2
a5 14.g5 Ne8 15.f4 a4 16.Nbc1 b3 17.f5 bxa2+ 18.Ka1 Bc4 19.Nc3
Bxf1 20.Rhxf1 Nc7 21.f6 gxf6 22.gxf6 Nxf6 23.Bh6 Kh8 24.Bxf8
Qxf8 25.N1e2 Qc8 26.Ng3 Qb7 27.Nf5 Nce8 28.Nxe7 Rb8 29.Nxa4 Qxe7
30.Qg5 Rb4 31.Nc3 d5 32.exd5 Rxb2 33.d6 Qb7 34.Qxe5 Rxc2 35.Nb5 1-0

[Event "Washington Class Championships"]
[Site "Lynnwood, WA"]
[Date "2016.11.26"]
[Round "4"]
[White "Haining Kyle  (WA)"]
[Black "He Anthony  (WA)"]
[Result "0-1"]
[WhiteElo "2273"]
[BlackElo "2235"]
[Annotator ""]
[Source ""]
[Remark "Master"]

1.e4 c5 2.Nf3 Nc6 3.d4 cxd4 4.Nxd4 Nf6 5.Nc3 d6 6.Bg5 e6 7.Qd2
a6 8.O-O-O Bd7 9.f4 b5 10.Bxf6 gxf6 11.Kb1 b4 12.Nce2 Qb6 13.f5
Nxd4 14.Nxd4 e5 15.Ne2 Qc5 16.Ng3 h5 17.Bd3 Bh6 18.Qe2 h4 19.Nf1
Ke7 20.Nd2 a5 21.Nb3 Qc7 22.Bc4 Rac8 23.Qd3 a4 24.Na5 {%00þ}
Qb6 25.a3 bxa3 26.Qxa3 Rc5 27.Rxd6 Kxd6 28.Nb7+ Kc6 29.Nxc5 Qxc5
30.Qxa4+ Kc7 31.Qa2 Bc6 32.Bd3 0-1

[Event "Washington Class Championships"]
[Site "Lynnwood, WA"]
[Date "2016.11.26"]
[Round "4"]
[White "Keyser Harrison  (WA)"]
[Black "O'Brien Garam  (WA)"]
[Result "1-0"]
[WhiteElo "1056"]
[BlackElo "632"]
[Annotator ""]
[Source ""]
[Remark "Class E"]

1.e4 c5 2.Nf3 d6 3.d4 cxd4 4.Nxd4 Nf6 5.Nc3 a6 6.Bc4 e5 7.Nf3
Bg4 8.Bxf7+ Kxf7 9.Nxe5+ Ke8 10.Nxg4 Nxg4 11.Qxg4 Qf6 12.Qc8+
Qd8 13.Qxb7 Nd7 14.b4 Nc5 15.Qc6+ Nd7 16.Bf4 Rc8 17.Qxa6 Nc5
18.Qb5+ Nd7 19.Rd1 Qf6 20.Nd5 Qg6 21.Nb6 Qxe4+ 22.Kf1 Rd8 23.Re1
Qxe1+ 24.Kxe1 d5 25.Bc7 Be7 26.Bxd8 Bxd8 27.Qxd7+ Kf8 28.Qxd8+
Kf7 29.Qxh8 Kg6 30.Qf8 Kh6 31.g4 Kg6 32.Qf5+ Kh6 33.Qh5# 1-0